Statystyki dla Siatkówka quiz #9 - Skład reprezentacji Polski na MŚ 2022

Kliknij tutaj aby rozwiązać quiz!

Ogólne statystyki

  • Ten quiz został rozwiązany 144 razy
  • Średni wynik to 11 z 14

Statystyki odpowiedzi

NumerImię i nazwiskoWzrostKlubPozycja% Poprawnych
6Bartosz Kurek 205 cmWolf Dogs NagoyaAtakujący
98%
14Aleksander Śliwka196 cmZAKSA Kędzierzyn-KoźlePrzyjmujący
95%
17Paweł Zatorski184 cmResoviaLibero
91%
15Jakub Kochanowski199 cmResoviaŚrodkowy
85%
19Marcin Janusz199 cmZAKSA Kędzierzyn-KoźleRozgrywający
85%
21Tomasz Fornal200 cmJastrzębski WęgielPrzyjmujący
84%
5Łukasz Kaczmarek204 cmZAKSA Kędzierzyn-KoźleAtakujący
83%
20Mateusz Bieniek210 cmSkra BełchatówŚrodkowy
82%
12Grzegorz Łomacz187 cmSkra BełchatówRozgrywający
80%
7Karol Kłos201 cmSkra BełchatówŚrodkowy
79%
3Jakub Popiwczak180 cmJastrzębski WęgielLibero
77%
16Kamil Semeniuk194 cmZAKSA Kędzierzyn-KoźlePrzyjmujący
64%
18Bartosz Kwolek193 cmProjekt WarszawaPrzyjmujący
50%
72Mateusz Poręba203 cmIndykpol AZS OlsztynŚrodkowy
40%

Rozkład punktacji

Percentyl według liczby udzielonych odpowiedzi

Procent ludzi z każdym wynikiem

Twoja historia wyników

Nie rozwiązałeś tego quizu